书目信息 |
| 题名: |
设施蔬菜生产技术
|
|
| 作者: | 郭世荣 , 王丽萍 | |
| 分册: | ||
| 出版信息: | 北京 化学工业出版社 2013 |
|
| 页数: | 368 | |
| 开本: | 19cm | |
| 丛书名: | ||
| 单 册: | ||
| 中图分类: | S62 | |
| 科图分类: | ||
| 主题词: | 保护地栽培 , 园艺--温室栽培 , 园艺--设施 | |
| 电子资源: | ||
| ISBN: | 978-7-122-16833-7 | |
| 000 | 00644nam0 2200217 450 | |
| 001 | 1735846483 | |
| 005 | 20170410095726.48 | |
| 010 | @a978-7-122-16833-7 | |
| 100 | @a20170410d km y0chiy0120 ea | |
| 101 | 0 | @achi |
| 200 | 1 | @a设施蔬菜生产技术@Ashe shi shu cai sheng chan ji shu@f郭世荣,王丽萍@Fguo shi rong,wang li ping |
| 210 | @a北京@c化学工业出版社@d2013 | |
| 215 | @a368@d19cm | |
| 606 | 0 | @a保护地栽培 |
| 606 | 0 | @a园艺@x温室栽培 |
| 606 | 0 | @a园艺@x设施 |
| 690 | @aS62@v4 | |
| 701 | 0 | @a郭世荣@Aguo shi rong |
| 701 | 0 | @a王丽萍@Awang li ping |
| 801 | 0 | @aCN@b大连网信软件有限公司图书馆·11@c20170410 |
| 905 | @b6604081@dS62@en8@f1 | |
| 设施蔬菜生产技术/郭世荣,王丽萍.-北京:化学工业出版社,2013 |
| 368;19cm |
| ISBN 978-7-122-16833-7: |
| ● |
| 相关链接 |
|
|
|
|
正题名:设施蔬菜生产技术
索取号:S62/n8
 
预约/预借
| 序号 | 登录号 | 条形码 | 馆藏地/架位号 | 状态 | 备注 |
| 1 | 6604081 | 266040811 | 密集书库-生命科学系/ [索取号:S62/n8] | 在馆 |